00292nam a2200085Ia 4500008004100000100002600041245006400067260006300131650001200194160725s9999 xx 000 0 und d aJimenez, Ana Maria Y. aReflective commentaries of three teaching/ learning events. bKaizen Research Journal College of NursingcSeptember 2012 aNURSING